Experiencias y resultados en control de erosión en el territorio CAR : (Registro nro. 6706)
[ vista simple ]
| 000 -CABECERA | |
|---|---|
| Campo de control | 00958nam a2200229 a 4500 |
| 005 - FECHA Y HORA DE LA ULTIMA TRANSACCION | |
| Campo de control | 20160122090855.0 |
| 008 - ELEMENTOS DE LONGITUD FIJA—INFORMACION GENERAL | |
| Campo de control | 140520s2006 ck do fr|||| 000 0 spa d |
| 020 ## - ISBN | |
| ISBN | 9588188091 |
| 040 ## - FUENTE DE CATALOGACIÓN | |
| Agencia catalogadora original | CO-BoIAVH |
| Agencia transcriptora | CO-BoIAVH |
| 041 0# - IDIOMA | |
| Código de idioma para texto/pista de sonido o título separado | Español |
| 044 ## - PAÍS DE PUBLICACIÓN | |
| País de publicación | Colombia |
| 082 04 - NUMERO DE CLASIFICACION DECIMAL DEWEY | |
| Número de clasificación | 551.302 |
| Número del ítem | C25e |
| 110 2# - ASIENTO PRINCIPAL--NOMBRE CORPORATIVO | |
| Unidad subordinad | Colombia |
| Nombre corporativo o de jurisdicción como elemento de entrada | Corporación Autóma Regional de Cundinamarca |
| 9 (RLIN) | 53550 |
| 245 10 - MENCION DE TITULO | |
| Título | Experiencias y resultados en control de erosión en el territorio CAR : |
| Parte restante del título | proyecto Checua - PROCAS |
| 260 ## - PUBLICACION, DISTRIBUCION, ETC. (PIE DE IMPRENTA) | |
| Lugar de publicación, distribución, etc. | Bogotá : |
| Nombre del editor, distribuidor, etc. | Corporación Autóma Regional de Cundinamarca : |
| -- | GTZ : |
| -- | KEW, |
| Fecha de publicación, distribución, etc. | 2006. |
| 300 ## - DESCRIPCION FISICA | |
| Extensión | 62 páginas : |
| Otros detalles físicos | Gráficos, fotografías; |
| Dimensiones | 28 x 22 cm. |
| 650 #4 - ASIENTO SECUNDARIO DE MATERIA - TERMINO TEMATICO | |
| Término temático o nombre geográfico como elemento de entrada | Erosión |
| Subdivisión general | control |
| Subdivisión geográfica | Cundinamarca (Colombia) |
| 9 (RLIN) | 53551 |
| 650 #4 - ASIENTO SECUNDARIO DE MATERIA - TERMINO TEMATICO | |
| Término temático o nombre geográfico como elemento de entrada | Erosión |
| Subdivisión general | Prevención |
| Subdivisión geográfica | Cundinamarca (Colombia) |
| 9 (RLIN) | 53552 |
| 650 #4 - ASIENTO SECUNDARIO DE MATERIA - TERMINO TEMATICO | |
| Término temático o nombre geográfico como elemento de entrada | Prevención de daños por inundaciones |
| Subdivisión geográfica | Cundinamarca (Colombia) |
| 9 (RLIN) | 53553 |
| 650 #4 - ASIENTO SECUNDARIO DE MATERIA - TERMINO TEMATICO | |
| Término temático o nombre geográfico como elemento de entrada | Manejo de cuencas hidrográficas |
| Subdivisión geográfica | Cundinamarca (Colombia) |
| 9 (RLIN) | 53554 |
| 942 ## - ELEMENTOS ADICIONALES (KOHA) | |
| Tipo de ítem | Libro |
| Sistema de clasificación | Dewey Decimal Classification |
| Withdrawn status | Lost status | Sistema de Clasificación | Damaged status | No para préstamo | Colección | Inventariado | Ubicación Permanente | Ubicación actual | Fecha de adquisición | Fuente de Valor | Valor | Total Checkouts | Número topográfico | Inventario / Código de Barras | Date last seen | Ejemplar | Price effective from | Forma de adquisición | Tipo de material |
|---|---|---|---|---|---|---|---|---|---|---|---|---|---|---|---|---|---|---|---|
| Dewey Decimal Classification | General | Inventariado 2017 | Bogotá | Bogotá | 20/05/2014 | Instituto | 15000.00 | LB-551.302 C25e | 034398 | 20/05/2014 | Ej. 2 | 20/05/2014 | Libro | ||||||
| Dewey Decimal Classification | General | Inventariado 2017 | Sala Fabio Quevedo | Sala Fabio Quevedo | 28/11/2008 | Instituto | 15000.00 | LB-551.302 C25e | 026669 | 04/12/2012 | Ej.1 | 04/12/2012 | Libro |